Historia - wiedza ogólna #11 - Statystyki

Ogólne statystyki
  • Ten quiz został rozwiązany 137 razy
    36 od ostatniego zresetowania
  • Średni wynik to 10 z 20
Statystyki odpowiedzi
Pytanie Odpowiedź % Poprawnych
Jaki przydomek ma Iwan IV, car Rosji w latach 1547-1584 i Wielki Książę Moskiewski w latach 1533-1547? Iwan IV {Groźny}
91%
Jak nazywała się amerykańska baza wojskowa, która została zaatakowana przez Japończyków 7 grudnia 1941 r? Pearl Harbor
88%
Jak nazywa się kraj, w którym wynaleziono m.in. proch, papier, kompas i druk? Chiny
84%
Która cywilizacja Mezoameryki w tajemniczy sposób upadła około 900 r. n.e? Cywilizacja {Majów}
72%
Jak nazywa się najstarsza znana forma pisma? Pismo {klinowe}
72%
Który generał wojskowy wygrał bitwę pod Austerlitz, nazywaną także bitwą trzech cesarzy, w 1805 r? Napoleon Bonaparte
66%
Który kraj zjednoczył Niemcy pod swoim przywództwem w 1871 r? Prusy
63%
Które państwo poniosło najwięcej ofiar śmiertelnych w wyniku tsunami w 2004 roku? Indonezja
56%
Jak nazywała się jedyna kobieta, która sprawowała urząd premiera Indii? Indira Gandhi
53%
Który kraj zbudował w 1907 r. 1000-milowe ogrodzenie, odporne na króliki? Australia
50%
Która francuska projektantka zaprojektowała "małą czarną sukienkę" i prawdopodobnie była kolaborantem nazistów? Coco Chanel
50%
Kto wypowiedział słowa "The Eagle has landed", co w tłumaczeniu na język polski oznacza "Orzeł wylądował", 20 lipca 1969 r? Neil Armstrong
44%
Kto uciekł z Tybetu do Indii w 1959 r? Tenzin Gjaco
44%
Co zostało wymyślone i zaprojektowane przez Guglielmo Marconiego w latach 90. XIX w? Radio
41%
Kto napisał utwór muzyczny znany jako "Jazda Walkirii" (ang. Ride of the Valkyries)? Richard Wagner
38%
Która pierwsza dama Argentyny była także znana jako "Evita"? Eva Perón
34%
Który fikcyjny uwodziciel zadebiutował w literaturze hiszpańskiej w XVII wieku? Don {Juan}
25%
Kto był prezesem Rady Ministrów Polski w latach 2004–2005? Marek Belka
22%
Kto był wodzem plemion zuluskich w latach 1816-1828 i doprowadził do ich zjednoczenia? Czaka
19%
Co było głównym towarem eksportowym Jamajki w okresie kolonialnym? Cukier
9%
Nie znaleziono quizów pasujących do podanych kryteriów
Rozkład punktacji
Procent ludzi z każdym wynikiem
Percentyl według liczby udzielonych odpowiedzi
Twoja historia wyników
Nie rozwiązałeś tego quizu od ostatniego zresetowania